[Event "King of the Hill: King of the Hill Test Tournament"]
[Site "SchemingMind.com"]
[Date "2022.01.13"]
[Round "-"]
[White "Thomas Jacob Kelly"]
[Black "surfnsuds"]
[Result "1-0"]
[WhiteCountry "USA"]
[BlackCountry "USA"]
[WhiteElo "1602"]
[WhiteRD "166"]
[BlackElo "1200"]
[BlackRD "230"]
[GameID "719558"]

1. d4 c5 2. Kd2 Nf6 3. dxc5 e5 4. b4 Nc6 5. Ba3 Ke7 6. c4 Ke6 7. Nc3 e4 8. f4 exf3 9. Nxf3 Ne5 10. Nd4+ Ke7
11. Nd5+ Nxd5 12. cxd5 d6 13. Qb3 Kf6 14. Qg3 Bg4 15. e3 Qd7 16. Bb5 Qd8 17. Rhf1+ Nf3+ 18. Nxf3 Bxf3 19. Kd3 Kf5 20. Kd4
1-0

[Event "King of the Hill: King of the Hill Test Tournament"]
[Site "SchemingMind.com"]
[Date "2022.01.13"]
[Round "-"]
[White "JPT"]
[Black "Thomas Jacob Kelly"]
[Result "0-1"]
[WhiteCountry "INT"]
[BlackCountry "USA"]
[WhiteElo "1546"]
[WhiteRD "158"]
[BlackElo "1602"]
[BlackRD "166"]
[GameID "719560"]

1. f4 d5 2. Kf2 e5 3. fxe5 Nc6 4. d4 f6 5. Ke3 fxe5 6. Nf3 Nh6 7. c4 Ng4+ 8. Kd2 e4 9. Qe1 e3+ 10. Kd3 Bb4
11. cxd5 Qxd5 12. Nc3 Bf5+ 13. Ne4 Bxe4#
0-1

[Event "King of the Hill: King of the Hill Test Tournament"]
[Site "SchemingMind.com"]
[Date "2022.01.13"]
[Round "-"]
[White "surfnsuds"]
[Black "Diadoco"]
[Result "0-1"]
[WhiteCountry "USA"]
[BlackCountry "MEX"]
[WhiteElo "1365"]
[WhiteRD "154"]
[BlackElo "1645"]
[BlackRD "140"]
[GameID "719562"]

1. d4 d5 2. e3 c5 3. dxc5 e5 4. Nc3 Nf6 5. Qf3 Bxc5 6. a3 O-O 7. e4 d4 8. Nd5 Be6 9. Nxf6+ Qxf6 10. Ne2 Qxf3
11. gxf3 a5 12. c3 Nc6 13. b4 axb4 14. Rg1 Rfd8 15. Bh6 g6 16. Bg5 Rd7 17. Bf6 bxc3 18. O-O-O Bxa3+ 19. Kc2 Nb4+ 20. Kb1 Ba2+
21. Ka1 Bb2#
0-1

[Event "King of the Hill: King of the Hill Test Tournament"]
[Site "SchemingMind.com"]
[Date "2022.01.13"]
[Round "-"]
[White "JPT"]
[Black "Diadoco"]
[Result "1-0"]
[WhiteCountry "INT"]
[BlackCountry "MEX"]
[WhiteElo "1706"]
[WhiteRD "141"]
[BlackElo "1645"]
[BlackRD "140"]
[GameID "719563"]

1. d4 d5 2. c4 c6 3. c5 e5 4. f4 exd4 5. Qxd4 Qa5+ 6. b4 Qc7 7. Kd2 Ne7 8. Kd3 Bf5+ 9. e4 dxe4+ 10. Ke3 g6
11. Qxh8 Qd7 12. Qd4 Nd5+ 13. Kf2 f6 14. Bc4 Bg7 15. Bxd5 cxd5 16. Ke3 Nc6 17. b5 Nd8 18. g4 Ne6 19. gxf5 gxf5 20. Nc3 Rd8
21. Ba3 Kf7 22. Rd1 Bh6 23. Nh3 Qc7 24. Nxd5 Rxd5 25. Qxd5 Bxf4+ 26. Nxf4 Qxf4+ 27. Ke2 Qf3+ 28. Kd2 e3+ 29. Kc3 Qxd5 30. Rxd5 Ke7
31. Kc4 f4 32. Rd7+ Kxd7 33. Kd5
1-0

[Event "King of the Hill: King of the Hill Test Tournament"]
[Site "SchemingMind.com"]
[Date "2022.01.13"]
[Round "-"]
[White "Diadoco"]
[Black "Thomas Jacob Kelly"]
[Result "0-1"]
[WhiteCountry "MEX"]
[BlackCountry "USA"]
[WhiteElo "1645"]
[WhiteRD "140"]
[BlackElo "1732"]
[BlackRD "146"]
[GameID "719564"]

1. e4 d5 2. e5 e6 3. d4 c5 4. c3 Nc6 5. Nf3 Bd7 6. Bd3 cxd4 7. cxd4 Qb6 8. Be2 Rc8 9. O-O Nh6 10. b3 Nf5
11. Bb2 Be7 12. g4 Nh4 13. Nbd2 h6 14. Nxh4 Bxh4 15. Nf3 Bg5 16. Nxg5 hxg5 17. Qd2 f6 18. Kg2 Kf7 19. f4 f5 20. fxg5 g6
21. gxf5 exf5 22. Kg3 Ke6 23. h4 Nb4 24. Bc3 a5 25. Bxb4 axb4 26. Rac1 Ra8 27. Rc2 Rh7 28. Rf4 Bc6 29. Qd3 Qc7 30. Qe3 Ra5
31. Bd3 Qg7 32. Qe2 Qf8 33. Kf3 Rc5 34. dxc5 d4+ 35. Be4 Kxe5
0-1

[Event "King of the Hill: King of the Hill Test Tournament"]
[Site "SchemingMind.com"]
[Date "2022.01.14"]
[Round "-"]
[White "surfnsuds"]
[Black "Arnold Jones"]
[Result "1-0"]
[WhiteCountry "USA"]
[BlackCountry "ENG"]
[WhiteElo "1365"]
[WhiteRD "154"]
[BlackElo "1230"]
[BlackRD "136"]
[GameID "719565"]

1. d4 f6 2. d5 e5 3. Kd2 Bc5 4. Kd3 f5 5. e4 g6 6. Kc4 d6 7. Be3 Bxe3 8. fxe3 fxe4 9. Qd4 Bf5 10. Nd2 b5+
11. Kc3 Nf6 12. Bxb5+ Kf7 13. Ne2 Qe7 14. Nc4 Nfd7 15. Raf1 Qf6 16. Qd1 Ke7 17. Ng3 Qg7 18. Nxf5+ gxf5 19. Rxf5 Rf8 20. Rxe5+ dxe5
21. Nxe5 Qxe5+ 22. Qd4 Kd6 23. Bc4 Nf6 24. Rf1 Nxd5+ 25. Bxd5 Qxd5 26. Rxf8 Nd7 27. Rf5 c6 28. Rxd5+ cxd5 29. Qxe4
1-0

[Event "King of the Hill: King of the Hill Test Tournament"]
[Site "SchemingMind.com"]
[Date "2022.01.14"]
[Round "-"]
[White "JPT"]
[Black "Arnold Jones"]
[Result "1-0"]
[WhiteCountry "INT"]
[BlackCountry "ENG"]
[WhiteElo "1546"]
[WhiteRD "158"]
[BlackElo "1245"]
[BlackRD "152"]
[GameID "719566"]

1. d4 f5 2. c4 Kf7 3. f4 c6 4. Qb3 d5 5. Nf3 dxc4 6. Qxc4+ Be6 7. Ne5+ Kf6 8. Qd3 Qa5+ 9. Bd2 Qb6 10. Qg3 Bf7
11. Qg5+ Ke6 12. e4 fxe4 13. Bc4+ Kd6 14. Nxf7+ Kc7 15. Ba5 Nd7 16. Ke2 Ngf6 17. Ke3 h6 18. Bxb6+ Kxb6 19. Ne5 Kc7 20. Nxd7 Kxd7
21. Qxf6 exf6 22. Kxe4
1-0

[Event "King of the Hill: King of the Hill Test Tournament"]
[Site "SchemingMind.com"]
[Date "2022.01.14"]
[Round "-"]
[White "Arnold Jones"]
[Black "Thomas Jacob Kelly"]
[Result "0-1"]
[WhiteCountry "ENG"]
[BlackCountry "USA"]
[WhiteElo "1245"]
[WhiteRD "152"]
[BlackElo "1602"]
[BlackRD "166"]
[GameID "719568"]

1. d4 Nf6 2. c4 e6 3. Qd3 d5 4. f3 Nc6 5. c5 b6 6. Be3 a5 7. Nc3 Nb4 8. Qd1 bxc5 9. dxc5 e5 10. Qa4+ Bd7
11. Qd1 d4 12. Bd2 Bxc5 13. Na4 Ba7 14. Bxb4 axb4 15. b3 e4 16. Qd2 Bf5 17. Qxb4 Nd5 18. Qb5+ Qd7 19. Qxd7+ Kxd7 20. O-O-O Kd6
21. f4 Nxf4
0-1

[Event "King of the Hill: King of the Hill Test Tournament"]
[Site "SchemingMind.com"]
[Date "2022.01.13"]
[Round "-"]
[White "Abstract Actuary"]
[Black "surfnsuds"]
[Result "1-0"]
[WhiteCountry "USA"]
[BlackCountry "USA"]
[WhiteElo "1732"]
[WhiteRD "139"]
[BlackElo "1365"]
[BlackRD "154"]
[GameID "719576"]

1. e4 d5 2. exd5 Qxd5 3. Nc3 Qe5+ 4. Qe2 Nc6 5. Nf3 Qe6 6. Qxe6 Bxe6 7. Bb5 a6 8. Bxc6+ bxc6 9. Ne5 O-O-O 10. Nxc6 Rd6
11. Nb4 Nf6 12. a4 Bc4 13. d3 Bd5 14. f3 e5 15. Bg5 Kb7 16. Ke2 Rc6 17. Ncxd5 Bc5 18. c4 h6 19. Nxc6 hxg5 20. Na5+ Kc8
21. b4 Rd8 22. Nxf6 gxf6 23. bxc5 Rd4 24. Ke3 Kd7 25. Nb3 Rf4 26. g3 f5 27. Rhe1 Ke6 28. h4 gxh4 29. gxf4 h3 30. d4 h2
31. dxe5 h1=Q 32. Kd4
1-0

[Event "King of the Hill: King of the Hill Test Tournament"]
[Site "SchemingMind.com"]
[Date "2022.01.13"]
[Round "-"]
[White "Abstract Actuary"]
[Black "JPT"]
[Result "1-0"]
[WhiteCountry "USA"]
[BlackCountry "INT"]
[WhiteElo "1500"]
[WhiteRD "184"]
[BlackElo "1546"]
[BlackRD "158"]
[GameID "719577"]

1. e4 d5 2. exd5 e5 3. dxe6 Bxe6 4. d4 Nc6 5. Nf3 Qd5 6. c4 Qe4+ 7. Qe2 Qxe2+ 8. Kxe2 Nf6 9. d5 Bxd5 10. cxd5 Kd7
11. Kd3 Kd6 12. Nc3 h6 13. dxc6 Kxc6 14. Kd4
1-0

[Event "King of the Hill: King of the Hill Test Tournament"]
[Site "SchemingMind.com"]
[Date "2022.01.13"]
[Round "-"]
[White "Abstract Actuary"]
[Black "Diadoco"]
[Result "1-0"]
[WhiteCountry "USA"]
[BlackCountry "MEX"]
[WhiteElo "1732"]
[WhiteRD "139"]
[BlackElo "1645"]
[BlackRD "140"]
[GameID "719578"]

1. e4 e5 2. Nf3 Nc6 3. c3 d5 4. Qa4 f6 5. d3 Be6 6. Be3 Bd6 7. Nbd2 Ne7 8. O-O-O O-O 9. Be2 a6 10. Rhe1 b5
11. Qc2 b4 12. Nb3 bxc3 13. bxc3 Ba3+ 14. Kb1 a5 15. Bc5 Bxc5 16. Nxc5 Bf7 17. d4 dxe4 18. Nxe4 Qb8+ 19. Kc1 exd4 20. Nxd4 Ne5
21. f4 N5g6 22. g3 Qb6 23. Bf3 Rab8 24. c4 Bxc4 25. Qxc4+ Kh8 26. Rd3 Qb2+ 27. Kd1 Qxh2 28. Re2 Rb1+ 29. Kc2 Qg1 30. Kc3 Qc1+
31. Rc2 Qa3+ 32. Nb3
1-0

[Event "King of the Hill: King of the Hill Test Tournament"]
[Site "SchemingMind.com"]
[Date "2022.01.13"]
[Round "-"]
[White "Thomas Jacob Kelly"]
[Black "Abstract Actuary"]
[Result "1-0"]
[WhiteCountry "USA"]
[BlackCountry "USA"]
[WhiteElo "1602"]
[WhiteRD "166"]
[BlackElo "1500"]
[BlackRD "184"]
[GameID "719579"]

1. e3 e5 2. d4 exd4 3. exd4 d5 4. Be3 Bf5 5. Bd3 Qd7 6. Nf3 Nc6 7. Ne5 Nxe5 8. dxe5 a6 9. a4 c5 10. Na3 d4
11. Bf4 Ne7 12. Nc4 Bxd3 13. Qxd3 Qg4 14. Bg3 Nc6 15. Nb6 Rd8 16. f4 Qe6 17. f5 Nxe5 18. fxe6 Nxd3+ 19. Ke2 Nb4 20. Kf3 f5
21. Kf4 Bd6+ 22. Kxf5 O-O+ 23. Ke4
1-0

[Event "King of the Hill: King of the Hill Test Tournament"]
[Site "SchemingMind.com"]
[Date "2022.01.15"]
[Round "-"]
[White "Arnold Jones"]
[Black "Abstract Actuary"]
[Result "0-1"]
[WhiteCountry "ENG"]
[BlackCountry "USA"]
[WhiteElo "1245"]
[WhiteRD "152"]
[BlackElo "1500"]
[BlackRD "184"]
[GameID "719580"]

1. d4 Nf6 2. d5 e6 3. Nc3 d6 4. e4 exd5 5. Bb5+ c6 6. Bd3 d4 7. Nce2 c5 8. Nf4 Nc6 9. Nd5 Be6 10. Nf4 Ne5
11. Nxe6 fxe6 12. Bb5+ Kf7 13. Bg5 h6 14. Bxf6 Kxf6 15. Ke2 a6 16. Ba4 g5 17. f3 Nd3 18. Qxd3 Ke5
0-1

[Event "King of the Hill: King of the Hill Test Tournament"]
[Site "SchemingMind.com"]
[Date "2022.01.14"]
[Round "-"]
[White "surfnsuds"]
[Black "David Perna-Fraser"]
[Result "0-1"]
[WhiteCountry "USA"]
[BlackCountry "CAN"]
[WhiteElo "1365"]
[WhiteRD "154"]
[BlackElo "1760"]
[BlackRD "172"]
[GameID "719590"]

1. e4 d5 2. Qh5 Nf6 3. Qe5 dxe4 4. Ke2 Nc6 5. Qc5 e5 6. d3 Bxc5 7. dxe4 Nd4+ 8. Kd3 Nb3+ 9. Kc4 Be6+ 10. Kc3 Qd4#
0-1

[Event "King of the Hill: King of the Hill Test Tournament"]
[Site "SchemingMind.com"]
[Date "2022.01.14"]
[Round "-"]
[White "JPT"]
[Black "David Perna-Fraser"]
[Result "1-0"]
[WhiteCountry "INT"]
[BlackCountry "CAN"]
[WhiteElo "1706"]
[WhiteRD "141"]
[BlackElo "1760"]
[BlackRD "172"]
[GameID "719591"]

1. e4 d5 2. d4 e6 3. exd5 Qxd5 4. c4 Qe4+ 5. Be3 Bb4+ 6. Nc3 Ke7 7. Ke2 Bxc3 8. bxc3 Kd6 9. f3 Qf5 10. Qd3 e5
11. g4 Qf6 12. Qe4 Ke7 13. Kd3 Nc6 14. dxe5 Qe6 15. Bc5+ Kd8 16. Qxc6 Qxe5 17. Qd5+
1-0

[Event "King of the Hill: King of the Hill Test Tournament"]
[Site "SchemingMind.com"]
[Date "2022.01.16"]
[Round "-"]
[White "Abstract Actuary"]
[Black "David Perna-Fraser"]
[Result "0-1"]
[WhiteCountry "USA"]
[BlackCountry "CAN"]
[WhiteElo "1649"]
[WhiteRD "131"]
[BlackElo "1752"]
[BlackRD "149"]
[GameID "719592"]

1. e4 d5 2. exd5 Qxd5 3. Nc3 Qe5+ 4. Qe2 Qa5 5. d4 Nc6 6. Qc4 Be6 7. d5 Bxd5 8. Qxd5 Qxd5 9. Nxd5 Kd7 10. Nf3 Kd6
11. c4 e5 12. Ng5 f6 13. Nf7+ Ke6 14. Nxh8 e4 15. Bf4 g5 16. Nxc7+ Kf5 17. Bg3 Rd8 18. Nd5 Bd6 19. Bxd6 Rxd6 20. Nf7 Nh6
21. Ne3+ Ke6 22. g3 Nxf7 23. f4 exf3 24. Ng4 Kf5 25. Kf2 Ke4
0-1

[Event "King of the Hill: King of the Hill Test Tournament"]
[Site "SchemingMind.com"]
[Date "2022.01.19"]
[Round "-"]
[White "David Perna-Fraser"]
[Black "Diadoco"]
[Result "1-0"]
[WhiteCountry "CAN"]
[BlackCountry "MEX"]
[WhiteElo "1760"]
[WhiteRD "172"]
[BlackElo "1645"]
[BlackRD "140"]
[GameID "719593"]

1. e4 e5 2. Nf3 Nc6 3. Bb5 a6 4. Ba4 Nf6 5. c3 b5 6. Bc2 d5 7. exd5 Qxd5 8. Bb3 Qd6 9. d4 e4 10. Ng5 Be6
11. Nxe6 fxe6 12. Be3 Be7 13. Nd2 Na5 14. Bc2 Qc6 15. Qb1 O-O-O 16. Nxe4 Nd5 17. O-O Nc4 18. Bc1 h6 19. a4 Kb7 20. b3 Nd6
21. Nc5+ Kb8 22. axb5 axb5 23. Qa2 Nc8 24. Be4 Bxc5 25. dxc5 Rhf8 26. c4 b4 27. cxd5 exd5 28. Bd3
1-0

[Event "King of the Hill: King of the Hill Test Tournament"]
[Site "SchemingMind.com"]
[Date "2022.01.18"]
[Round "-"]
[White "David Perna-Fraser"]
[Black "Thomas Jacob Kelly"]
[Result "0-1"]
[WhiteCountry "CAN"]
[BlackCountry "USA"]
[WhiteElo "1752"]
[WhiteRD "149"]
[BlackElo "1783"]
[BlackRD "141"]
[GameID "719594"]

1. e4 c5 2. Nf3 Nc6 3. d4 cxd4 4. Nxd4 Nf6 5. Nc3 d6 6. Nxc6 bxc6 7. f4 Qc7 8. Be2 e5 9. fxe5 dxe5 10. Bg5 Rb8
11. Rb1 Be7 12. Qd2 Bb4 13. Bxf6 gxf6 14. a3 Bc5 15. Na4 Bd6 16. Rd1 Ke7 17. c4 Be6 18. c5 Bxc5 19. Nxc5 Rhd8 20. Nxe6 Kxe6
21. Bg4+ Ke7 22. Qc3 c5 23. O-O c4 24. Rxd8 Qxd8 25. Rd1 Qb6+ 26. Kf1 Qa6 27. Rd7+ Ke8 28. Ke1 Rb3 29. Qd2 Qb6 30. Kf1 Rxb2
31. Rd8+ Qxd8 32. Qxb2 Qd3+ 33. Qe2 Qd4 34. Qc2 Ke7 35. Be2 c3 36. Bd1 f5 37. Qc1 fxe4 38. Qg5+ f6 39. Qg7+ Kd6 40. Bb3 Qd1+
41. Bxd1 Kd5
0-1

[Event "King of the Hill: King of the Hill Test Tournament"]
[Site "SchemingMind.com"]
[Date "2022.01.14"]
[Round "-"]
[White "emakis"]
[Black "surfnsuds"]
[Result "1-0"]
[WhiteCountry "GRE"]
[BlackCountry "USA"]
[WhiteElo "1743"]
[WhiteRD "152"]
[BlackElo "1365"]
[BlackRD "154"]
[GameID "719602"]

1. e4 d5 2. e5 Nc6 3. d4 Nxd4 4. Qxd4 e6 5. Nf3 f6 6. c4 b6 7. cxd5 Qxd5 8. Be3 Bc5 9. Bb5+ c6 10. Qxd5 exd5
11. Bd3 Bxe3 12. fxe3 fxe5 13. Nxe5 Ke7 14. Nd2 Ke6 15. Ndf3 Nf6 16. Nxc6 a5 17. Rc1 d4 18. e4 Bb7 19. Kd2 Bxc6 20. Rxc6+ Kd7
21. Bb5 Rhe8 22. Rxf6+ Ke7 23. Kd3 Rad8 24. e5 gxf6 25. Ke4
1-0

[Event "King of the Hill: King of the Hill Test Tournament"]
[Site "SchemingMind.com"]
[Date "2022.01.14"]
[Round "-"]
[White "emakis"]
[Black "JPT"]
[Result "1-0"]
[WhiteCountry "GRE"]
[BlackCountry "INT"]
[WhiteElo "1669"]
[WhiteRD "174"]
[BlackElo "1546"]
[BlackRD "158"]
[GameID "719603"]

1. d4 d5 2. Bf4 g5 3. Bxg5 f6 4. Bf4 e5 5. dxe5 fxe5 6. Bxe5 Ke7 7. Bxh8 Ke6 8. Nf3 Nf6 9. Qd4 Nc6 10. Qf4 d4
11. e4 Qe7 12. Bc4+ Kd7 13. Bxf6 Qb4+ 14. Nbd2 Qxb2 15. O-O Qb4 16. e5 Na5 17. Qxd4+ Bd6 18. exd6 Qxd6 19. Ne5+ Ke8 20. Bf7+ Kf8
21. Qf4 Qxe5 22. Qxe5 Kxf7 23. Bh4 Nc6 24. Qf6+ Kg8 25. Rfe1 Bd7 26. Re3 Rf8 27. Rg3+ Bg4 28. Rxg4#
1-0

[Event "King of the Hill: King of the Hill Test Tournament"]
[Site "SchemingMind.com"]
[Date "2022.01.15"]
[Round "-"]
[White "emakis"]
[Black "Abstract Actuary"]
[Result "0-1"]
[WhiteCountry "GRE"]
[BlackCountry "USA"]
[WhiteElo "1669"]
[WhiteRD "174"]
[BlackElo "1500"]
[BlackRD "184"]
[GameID "719604"]

1. d4 Nf6 2. Nf3 e6 3. Bg5 Be7 4. e3 h6 5. Bh4 d5 6. Bd3 c5 7. c3 Nc6 8. Nbd2 Bd7 9. h3 Qb6 10. Rb1 c4
11. Bc2 Qa5 12. a3 b5 13. O-O O-O-O 14. e4 dxe4 15. Nxe4 Nxe4 16. Bxe4 Bxh4 17. Nxh4 g5 18. Nf3 f5 19. Bxc6 Bxc6 20. Ne5 Be4
21. Rc1 Rhe8 22. f3 Bd5 23. a4 Kc7 24. axb5 Re7 25. Ra1 Qb6 26. Ra6 Qxb5 27. Rxa7+ Kd6 28. Nf7+ Rxf7 29. Rxf7 Bc6
0-1

[Event "King of the Hill: King of the Hill Test Tournament"]
[Site "SchemingMind.com"]
[Date "2022.01.15"]
[Round "-"]
[White "emakis"]
[Black "Diadoco"]
[Result "0-1"]
[WhiteCountry "GRE"]
[BlackCountry "MEX"]
[WhiteElo "1669"]
[WhiteRD "174"]
[BlackElo "1835"]
[BlackRD "211"]
[GameID "719605"]

1. d4 d5 2. Bf4 c5 3. e3 e6 4. c3 f5 5. Nd2 Nf6 6. h3 Nc6 7. Ngf3 c4 8. Be2 Bd6 9. Ne5 Bxe5 10. dxe5 Ne4
11. Nf3 O-O 12. O-O Bd7 13. Nd4 g5 14. Bh2 f4 15. Bg4 Qe7 16. exf4 gxf4 17. Nxc6 bxc6 18. g3 fxg3 19. fxg3 Rxf1+ 20. Kxf1 Rf8+
21. Ke2 Rf2+ 22. Ke3 c5 23. h4 Qg7 24. Bxe6+ Bxe6 25. g4 Rxh2 26. Qf3 Qxe5 27. Rd1 Nd2+
0-1

[Event "King of the Hill: King of the Hill Test Tournament"]
[Site "SchemingMind.com"]
[Date "2022.01.16"]
[Round "-"]
[White "emakis"]
[Black "David Perna-Fraser"]
[Result "1-0"]
[WhiteCountry "GRE"]
[BlackCountry "CAN"]
[WhiteElo "1807"]
[WhiteRD "126"]
[BlackElo "1719"]
[BlackRD "124"]
[GameID "719606"]

1. e4 d5 2. e5 c5 3. f4 Nc6 4. Nc3 a6 5. d3 b5 6. g3 b4 7. Nb1 h5 8. Bg2 Bg4 9. Bf3 Bxf3 10. Nxf3 Nh6
11. Nbd2 Ng4 12. Nf1 Qb6 13. h3 Nh6 14. Be3 Nf5 15. Bf2 Kd7 16. Qe2 e6 17. Ne3 Ncd4 18. Nxd4 Nxd4 19. Qd1 Kc6 20. c3 Nf5
21. Nxf5 exf5 22. Qe2 Re8 23. c4 d4 24. Qf3+ Kc7 25. O-O Qc6 26. Kg2 g6 27. a3 b3 28. a4 Rb8 29. Rfe1 Qxf3+ 30. Kxf3 Kc6
31. e6 Bd6 32. exf7 Kd7 33. Re4 Rhf8 34. Rae1 Rxf7 35. Re6 Rg8 36. R1e2 Re7 37. Rxe7+ Bxe7 38. Re5 Bd6 39. Rd5 Re8 40. g4 hxg4+
41. hxg4 Ke6 42. Bg3 Rf8 43. Kg2 Rf7 44. Kf3 Rh7 45. Kg2 Rb7 46. Be1 Bxf4 47. gxf5+ gxf5 48. Kf3 Bc1 49. Bg3 Rb6 50. Rxc5 Bxb2
51. Re5+ Kf6 52. Re1 Bc3 53. Bh4+ Kg6 54. Kf4 Bxe1 55. Ke5
1-0

[Event "King of the Hill: King of the Hill Test Tournament"]
[Site "SchemingMind.com"]
[Date "2022.01.15"]
[Round "-"]
[White "Thomas Jacob Kelly"]
[Black "emakis"]
[Result "0-1"]
[WhiteCountry "USA"]
[BlackCountry "GRE"]
[WhiteElo "1602"]
[WhiteRD "166"]
[BlackElo "1669"]
[BlackRD "174"]
[GameID "719607"]

1. d4 d5 2. c4 e6 3. Nf3 Nf6 4. Bg5 c6 5. c5 b6 6. b4 a5 7. Nbd2 axb4 8. Nb3 bxc5 9. dxc5 Nbd7 10. Qd4 Be7
11. Bd2 Ne4 12. Qxb4 Ndxc5 13. Nxc5 Bxc5 14. Qb3 Bxf2+ 15. Kd1 Bc5 16. a4 Qf6 17. Rc1 O-O 18. Qa2 Ba6 19. Be1 Bc4 20. Rxc4 dxc4
21. Kc2 Rab8 22. e3 c3 23. Qc4 Rfd8 24. Nd4 Rb2+ 25. Kd3 Qg6 26. Rg1 Nd2+ 27. Ke2 Nxc4+
0-1

[Event "King of the Hill: King of the Hill Test Tournament"]
[Site "SchemingMind.com"]
[Date "2022.01.15"]
[Round "-"]
[White "Arnold Jones"]
[Black "emakis"]
[Result "0-1"]
[WhiteCountry "ENG"]
[BlackCountry "GRE"]
[WhiteElo "1245"]
[WhiteRD "152"]
[BlackElo "1669"]
[BlackRD "174"]
[GameID "719608"]

1. f4 e5 2. d3 Nc6 3. Be3 d5 4. fxe5 Nxe5 5. Nf3 Bd6 6. Nxe5 Bxe5 7. d4 Bd6 8. Nc3 c6 9. g3 Qe7 10. Bf2 Nf6
11. h3 Ne4 12. Nxe4 Qxe4 13. Rh2 Bf5 14. Rc1 O-O 15. Bg2 Qe7 16. c3 Rfe8 17. g4 Be4 18. Bxe4 Qxe4 19. Bg1 Bxh2 20. Bxh2 Qh1+
21. Kd2 Qxh2 22. Qf1 Re4 23. Kc2 Qxe2+ 24. Kb3 Rae8 25. Qxe2 Rxe2 26. c4 R2e3+ 27. Kb4 R3e4 28. cxd5 Rxd4+ 29. Kc5 Rxd5+ 30. Kc4 Re4+
31. Kb3 Kf8 32. Rc3 Ke7
0-1

[Event "King of the Hill: King of the Hill Test Tournament"]
[Site "SchemingMind.com"]
[Date "2022.01.14"]
[Round "-"]
[White "Manfred Kraut"]
[Black "surfnsuds"]
[Result "1-0"]
[WhiteCountry "GER"]
[BlackCountry "USA"]
[WhiteElo "1294"]
[WhiteRD "138"]
[BlackElo "1188"]
[BlackRD "110"]
[GameID "719613"]

1. e4 e5 2. d4 Nc6 3. d5 Nb4 4. a3 Nxd5 5. Qxd5 d6 6. Bc4 Qf6 7. Nf3 Ne7 8. Bg5 Qe6 9. Qxe6 fxe6 10. O-O b6
11. Nc3 c6 12. Be2 d5 13. Nxe5 Bd7 14. Nxd7 Kxd7 15. e5 c5 16. Nb5 Kc6 17. a4 g6 18. Rad1 d4 19. Bf3+ Nd5 20. c4 Rd8
21. Nxa7+ Kb7 22. Nb5 Rd7 23. cxd5 Bg7 24. dxe6+ Kc8 25. exd7+ Kxd7 26. b4 Bxe5 27. bxc5 bxc5 28. Rfe1 Ke6 29. Bf4 Rf8 30. Rxe5+ Kf6
31. Rxc5 Re8 32. h3 Ke7 33. Re1+ Kf7 34. Bd5+ Kf6 35. Rxe8 Kf5 36. g3 h6 37. Nd6+ Kf6 38. Be5+ Kg5 39. f4+ Kh5 40. Bf3#
1-0

[Event "King of the Hill: King of the Hill Test Tournament"]
[Site "SchemingMind.com"]
[Date "2022.01.15"]
[Round "-"]
[White "JPT"]
[Black "Manfred Kraut"]
[Result "1-0"]
[WhiteCountry "INT"]
[BlackCountry "GER"]
[WhiteElo "1546"]
[WhiteRD "158"]
[BlackElo "1284"]
[BlackRD "196"]
[GameID "719614"]

1. d4 Nf6 2. f3 g6 3. e4 d6 4. Bg5 Bg7 5. Bd3 O-O 6. Nh3 Bxh3 7. gxh3 Qd7 8. Ke2 Nc6 9. Ke3 e5 10. c3 exd4+
11. cxd4 Nh5 12. e5 d5 13. Nc3 Qxh3 14. Nxd5
1-0

[Event "King of the Hill: King of the Hill Test Tournament"]
[Site "SchemingMind.com"]
[Date "2022.01.15"]
[Round "-"]
[White "Manfred Kraut"]
[Black "Abstract Actuary"]
[Result "0-1"]
[WhiteCountry "GER"]
[BlackCountry "USA"]
[WhiteElo "1252"]
[WhiteRD "149"]
[BlackElo "1732"]
[BlackRD "139"]
[GameID "719615"]

1. e4 e6 2. d4 d5 3. e5 c5 4. c4 dxc4 5. Bxc4 Qxd4 6. Qxd4 cxd4 7. Bf4 Nc6 8. Nd2 Bb4 9. a3 Ba5 10. Ne2 Nge7
11. O-O Ng6 12. Nf3 Nxf4 13. Nxf4 a6 14. Rfd1 b5 15. Bd3 Bb7 16. Bf1 Rd8 17. b4 Bc7 18. Bd3 Nxe5 19. Nxe5 Bxe5 20. g3 Ke7
21. Ne2 Kd6
0-1

[Event "King of the Hill: King of the Hill Test Tournament"]
[Site "SchemingMind.com"]
[Date "2022.01.15"]
[Round "-"]
[White "Manfred Kraut"]
[Black "emakis"]
[Result "0-1"]
[WhiteCountry "GER"]
[BlackCountry "GRE"]
[WhiteElo "1252"]
[WhiteRD "149"]
[BlackElo "1743"]
[BlackRD "152"]
[GameID "719616"]

1. e4 c5 2. d4 cxd4 3. Qxd4 Nc6 4. Qd1 d6 5. Nc3 Nf6 6. Nf3 g6 7. Bd3 Bg7 8. O-O O-O 9. Be3 a6 10. Bc4 Bg4
11. Be2 b5 12. Nd4 Nxd4 13. Bxd4 Be6 14. f4 Rc8 15. b4 Bc4 16. Bxc4 Rxc4 17. Rf3 Rxb4 18. a3 Rc4 19. Na2 Nxe4 20. Bxg7 Kxg7
21. Nb4 Qb6+ 22. Kh1 Nf2+ 23. Rxf2 Qxf2 24. Nd5 Rxc2 25. Qg1 Rfc8 26. Rf1 Qxg1+ 27. Kxg1 Re2 28. h3 Rcc2
0-1

[Event "King of the Hill: King of the Hill Test Tournament"]
[Site "SchemingMind.com"]
[Date "2022.01.15"]
[Round "-"]
[White "Diadoco"]
[Black "Manfred Kraut"]
[Result "1-0"]
[WhiteCountry "MEX"]
[BlackCountry "GER"]
[WhiteElo "1645"]
[WhiteRD "140"]
[BlackElo "1252"]
[BlackRD "149"]
[GameID "719617"]

1. e4 e5 2. Nf3 Nc6 3. Bc4 Nf6 4. d3 Bc5 5. c3 O-O 6. Bb3 d5 7. Qe2 d4 8. Nbd2 Na5 9. Bc2 Bg4 10. h3 Bh5
11. g4 Bg6 12. Nf1 dxc3 13. bxc3 b5 14. Be3 Bxe3 15. Nxe3 c5 16. Nxe5 Re8 17. f4 Nd7 18. Nxd7 Qxd7 19. f5 Bxf5 20. gxf5 Qe7
21. Qg4 c4 22. d4 h6 23. h4 Nc6 24. Nd5 Qb7 25. Rg1
1-0

[Event "King of the Hill: King of the Hill Test Tournament"]
[Site "SchemingMind.com"]
[Date "2022.01.19"]
[Round "-"]
[White "David Perna-Fraser"]
[Black "Manfred Kraut"]
[Result "1-0"]
[WhiteCountry "CAN"]
[BlackCountry "GER"]
[WhiteElo "1760"]
[WhiteRD "172"]
[BlackElo "1252"]
[BlackRD "149"]
[GameID "719618"]

1. e4 c5 2. Nf3 Nc6 3. d4 cxd4 4. Nxd4 g6 5. Nc3 Bg7 6. Be3 d6 7. f3 Qb6 8. Nd5 Qa5+ 9. b4 Nxb4 10. Bb5+ Bd7
11. Bd2 Bxd4 12. Bxb4 Qxb5 13. Nc7+ Kf8 14. Nxb5 Bxb5 15. Qxd4 Nf6 16. Bxd6 exd6 17. Qxf6 Kg8 18. Kd2 Rc8 19. a4 Ba6 20. Ke3 Rc4
21. Qd4
1-0

[Event "King of the Hill: King of the Hill Test Tournament"]
[Site "SchemingMind.com"]
[Date "2022.01.14"]
[Round "-"]
[White "Manfred Kraut"]
[Black "Thomas Jacob Kelly"]
[Result "0-1"]
[WhiteCountry "GER"]
[BlackCountry "USA"]
[WhiteElo "1284"]
[WhiteRD "196"]
[BlackElo "1602"]
[BlackRD "166"]
[GameID "719619"]

1. e4 e5 2. d4 exd4 3. Qxd4 Nc6 4. Qc3 Bb4 5. Qxb4 Nxb4 6. Nc3 d5 7. Bd3 Qe7 8. Nf3 Bg4 9. O-O Bxf3 10. gxf3 d4
11. Nd5 Nxd5 12. exd5 Qe5 13. Bd2 Kd7 14. f4 Kd6
0-1